[Event "Serbia op-A"]
[Site "Belgrade"]
[Date "2025.07.14"]
[Round "5"]
[White "Brezis, Ari"]
[Black "Bulgankhan, Ganzorig"]
[Result "1-0"]
[WhiteElo "2179"]
[BlackElo "2021"]
[PlyCount "111"]
[EventDate "2025.07.14"]
[EventType "swiss"]
[EventRounds "9"]
[EventCountry "SRB"]
[SourceTitle "CB30_2025"]
[SourceDate "2025.07.23"]
[SourceVersion "1"]
[SourceVersionDate "2025.07.23"]
[SourceQuality "1"]

1. d4 g6 2. c4 Bg7 3. e4 Nc6 4. Nf3 e5 5. Be3 exd4 6. Nxd4 Nge7 7. Nc3 0-0 8. Be2 d6 9. 0-0 f5 10. exf5 Nxf5 11. Nxf5 Bxf5 12. Qd2 Qd7 13. Rad1 Ne5 14. f4 Nc6 15. Bf3 Qf7 16. b3 Kh8 17. g4 Be6 18. h3 Rae8 19. Rde1 Bc8 20. Bd5 Qf6 21. Ne4 Qb2 22. Qxb2 Bxb2 23. Bd2 Bg7 24. Nc3 Nd4 25. Kf2 h5 26. Kg3 Bf6 27. Be4 h4+ 28. Kg2 Kh7 29. Nd5 Bd8 30. Re3 c6 31. Rfe1 Bd7 32. Nc3 Kg7 33. Rd3 c5 34. Nd5 Bc6 35. Nc3 Rxe4 36. Rxe4 Ba5 37. Nd5 Bxd2 38. Rxd2 b5 39. Re7+ Kg8 40. Rxa7 Re8 41. Ra6 Bxd5+ 42. cxd5 Re3 43. Rxd6 Rg3+ 44. Kf1 Rxh3 45. Rxg6+ Kh7 46. f5 Rc3 47. Rg5 Nf3 48. Rh5+ Kg7 49. Rf2 Kf6 50. d6 Ke5 51. f6+ Ke4 52. Re2+ Kf4 53. Rf5+ Kg3 54. Rg2+ Kh3 55. Rxf3+ Rxf3+ 56. Rf2 1-0

[Event "Titled Tuesday intern op 01st Apr Late"]
[Site "Chess.com INT"]
[Date "2025.04.01"]
[Round "5"]
[White "Brezis, Ari"]
[Black "Hamitevici, Vladimir"]
[Result "0-1"]
[WhiteElo "2242"]
[BlackElo "2423"]
[PlyCount "92"]
[EventDate "2025.04.01"]
[EventType "swiss (blitz)"]
[EventRounds "11"]
[EventCountry "USA"]
[SourceTitle "CB21_2025"]
[SourceDate "2025.05.21"]
[SourceVersion "1"]
[SourceVersionDate "2025.05.21"]
[SourceQuality "1"]

1. d4 c5 2. d5 g6 3. e4 Bg7 4. c4 d6 5. Nc3 e6 6. f3 exd5 7. cxd5 a6 8. a4 Nd7 9. Nh3 Ne7 10. Be3 Ne5 11. Nf2 f5 12. Be2 0-0 13. Qd2 Bd7 14. a5 b5 15. axb6 Qxb6 16. 0-0 a5 17. h3 Qb4 18. Ra3 Rfb8 19. Rfa1 a4 20. f4 Nc4 21. Bxc4 Qxc4 22. e5 dxe5 23. d6 exf4 24. dxe7 fxe3 25. Qxd7 exf2+ 26. Kxf2 Rxb2+ 27. Kg1 Qd4+ 28. Qxd4 Bxd4+ 29. Kh1 Kf7 30. Re1 Re8 31. Nd5 Rb7 32. Rxa4 Rd7 33. Nb6 Rdxe7 34. Rxe7+ Rxe7 35. Nc4 Bf2 36. g4 f4 37. Kg2 Bd4 38. Ra6 Kg7 39. Kf3 g5 40. Rd6 Re1 41. h4 gxh4 42. Kxf4 Rf1+ 43. Kg5 h3 44. Rd7+ Kf8 45. Nd6 h2 46. Nf5 Rxf5+ 0-1

[Event "Titled Tuesday intern op 01st Apr Late"]
[Site "Chess.com INT"]
[Date "2025.04.01"]
[Round "2"]
[White "Brezis, Ari"]
[Black "Harish, Neeraj"]
[Result "1-0"]
[WhiteElo "2242"]
[BlackElo "2169"]
[PlyCount "79"]
[EventDate "2025.04.01"]
[EventType "swiss (blitz)"]
[EventRounds "11"]
[EventCountry "USA"]
[SourceTitle "CB21_2025"]
[SourceDate "2025.05.21"]
[SourceVersion "1"]
[SourceVersionDate "2025.05.21"]
[SourceQuality "1"]

1. d4 d5 2. Nf3 Nf6 3. g3 c6 4. Bg2 Bf5 5. 0-0 h6 6. Nbd2 e6 7. c4 Nbd7 8. b3 Be7 9. Bb2 0-0 10. Ne5 Ne4 11. Nxe4 Bxe4 12. f3 Bh7 13. Nd3 c5 14. cxd5 exd5 15. Rc1 cxd4 16. Bxd4 Bf6 17. Nf4 Bxd4+ 18. Qxd4 Qb6 19. Qxb6 Nxb6 20. Rc7 g5 21. Nd3 Rfc8 22. Rfc1 Bf5 23. Nb4 a5 24. Rxc8+ Rxc8 25. Rxc8+ Bxc8 26. Nc2 a4 27. f4 gxf4 28. gxf4 Bf5 29. Nd4 Bb1 30. bxa4 Bxa2 31. a5 Nd7 32. Nf5 Kh7 33. Ne7 Nf6 34. Nc8 Bc4 35. Nd6 Bxe2 36. Nxb7 Kg7 37. Kf2 Ba6 38. Nc5 d4 39. Nxa6 d3 40. Ke3 1-0

[Event "Titled Tuesday intern op 25th Mar Early"]
[Site "Chess.com INT"]
[Date "2025.03.25"]
[Round "1"]
[White "Brezis, Ari"]
[Black "Howell, David"]
[Result "0-1"]
[WhiteElo "2289"]
[BlackElo "2668"]
[PlyCount "110"]
[EventDate "2025.03.25"]
[EventType "swiss (blitz)"]
[EventRounds "11"]
[EventCountry "USA"]
[SourceTitle "CB14_2025"]
[SourceDate "2024.11.01"]
[SourceVersion "1"]
[SourceVersionDate "2024.11.01"]
[SourceQuality "1"]

1. d4 d6 2. e4 Nf6 3. f3 g6 4. Be3 Bg7 5. c4 c6 6. Nc3 a6 7. Qd2 b5 8. h4 h5 9. Nh3 Bxh3 10. Rxh3 e6 11. Rd1 Nbd7 12. g3 bxc4 13. Bxc4 d5 14. Bb3 Nb6 15. e5 Nfd7 16. Na4 Rb8 17. Rh2 Qc7 18. Rc1 Qb7 19. Nxb6 Nxb6 20. Qa5 Bf8 21. Rhc2 Nc4 22. Bxc4 Bb4+ 23. Qxb4 Qxb4+ 24. Bd2 Qb6 25. Bb3 Qxd4 26. Rxc6 Qg1+ 27. Ke2 Qg2+ 28. Ke3 0-0 29. Be1 Qxb2 30. R6c2 Qxe5+ 31. Kf2 d4 32. Bd2 Rxb3 33. axb3 Qd5 34. Rc4 Rb8 35. Bg5 Kg7 36. b4 a5 37. bxa5 Rb2+ 38. R4c2 Rxc2+ 39. Rxc2 Qxa5 40. Rd2 e5 41. Re2 f6 42. Bd2 Qc5 43. g4 Kf7 44. g5 f5 45. Be1 Ke6 46. Kg2 Kd5 47. Bg3 e4 48. fxe4+ fxe4 49. Rf2 e3 50. Re2 Ke4 51. Bf2 Qf5 52. Bg3 Qf3+ 53. Kg1 Qxe2 54. Bf2 Qxf2+ 55. Kh1 Qxh4+ 0-1

[Event "Titled Tuesday intern op 18th Mar Late"]
[Site "Chess.com INT"]
[Date "2025.03.18"]
[Round "2"]
[White "Kacharava, Nikoloz"]
[Black "Brezis, Ari"]
[Result "1-0"]
[WhiteElo "2521"]
[BlackElo "2289"]
[PlyCount "67"]
[EventDate "2025.03.18"]
[EventType "swiss (blitz)"]
[EventRounds "11"]
[EventCountry "USA"]
[SourceTitle "CB13_2025"]
[SourceDate "2025.03.26"]
[SourceVersion "1"]
[SourceVersionDate "2025.03.26"]
[SourceQuality "1"]

1. e4 e6 2. d4 d5 3. Nc3 dxe4 4. Nxe4 Nf6 5. Nxf6+ Qxf6 6. Nf3 Qd8 7. Bg5 Be7 8. h4 b6 9. Bb5+ c6 10. Bd3 Bb7 11. Qe2 Nd7 12. 0-0-0 h6 13. Bxe7 Qxe7 14. Kb1 0-0-0 15. a4 Kb8 16. Ba6 Qb4 17. Bxb7 Kxb7 18. Rd3 Qxa4 19. Ra3 Qb5 20. c4 Qb4 21. Kc2 Nf6 22. Rha1 a5 23. Rb3 Qe7 24. Rxa5 Ra8 25. Rxa8 Rxa8 26. Ne5 Ra4 27. Qf3 Qc7 28. g4 Ne8 29. c5 b5 30. Rxb5+ Kc8 31. Nxc6 Nf6 32. Rb8+ Qxb8 33. Nxb8 Kxb8 34. Qb3+ 1-0

[Event "Krakow op-A 35th"]
[Site "Krakow"]
[Date "2025.01.04"]
[Round "9"]
[White "Krawczyk, Flawian"]
[Black "Brezis, Ari"]
[Result "1/2-1/2"]
[WhiteElo "2231"]
[BlackElo "2174"]
[PlyCount "92"]
[EventDate "2024.12.27"]
[EventType "swiss"]
[EventRounds "9"]
[EventCountry "POL"]
[SourceTitle "CB02_2025"]
[SourceDate "2025.01.08"]
[SourceVersion "1"]
[SourceVersionDate "2025.01.08"]
[SourceQuality "1"]

1. e4 c6 2. d4 d5 3. e5 Bf5 4. h4 h5 5. Bd3 Bxd3 6. Qxd3 Qa5+ 7. Nd2 Qa6 8. c4 e6 9. Ngf3 Nh6 10. 0-0 Nf5 11. Rd1 Be7 12. g3 Nd7 13. b3 Rd8 14. Qc2 dxc4 15. bxc4 Nb6 16. c5 Qa4 17. Nb3 Nd5 18. Bd2 Nc7 19. Rac1 Nb5 20. Qc4 Qa3 21. Bb4 Qa6 22. a4 Nc7 23. Na5 Rb8 24. Bd2 Kd7 25. Qxa6 Nxa6 26. Rc2 Rhc8 27. Nc4 b6 28. cxb6 axb6 29. a5 bxa5 30. Bxa5 Nb4 31. Rb2 Nd5 32. Rdb1 Rxb2 33. Rxb2 Ra8 34. Kg2 Kc8 35. Rc2 Rxa5 36. Nxa5 Nfe3+ 37. fxe3 Nxe3+ 38. Kf2 Nxc2 39. Nxc6 Kd7 40. Nxe7 Kxe7 41. Ke2 f6 42. exf6+ gxf6 43. Kd3 Nb4+ 44. Ke4 Kf7 45. Ng1 f5+ 46. Kf3 Nc2 1/2-1/2

[Event "Krakow op-A 35th"]
[Site "Krakow"]
[Date "2025.01.02"]
[Round "7"]
[White "Musial, Igor"]
[Black "Brezis, Ari"]
[Result "1/2-1/2"]
[WhiteElo "2304"]
[BlackElo "2174"]
[PlyCount "137"]
[EventDate "2024.12.27"]
[EventType "swiss"]
[EventRounds "9"]
[EventCountry "POL"]
[SourceTitle "CB02_2025"]
[SourceDate "2025.01.08"]
[SourceVersion "1"]
[SourceVersionDate "2025.01.08"]
[SourceQuality "1"]

1. e4 c5 2. Nf3 Nc6 3. Bb5 Nf6 4. Nc3 Nd4 5. e5 Nxb5 6. Nxb5 Nd5 7. 0-0 Nc7 8. Nxc7+ Qxc7 9. d4 cxd4 10. Qxd4 e6 11. Bg5 h6 12. Bh4 Bc5 13. Qe4 Qc6 14. Qxc6 dxc6 15. Rad1 g5 16. Bg3 Bd7 17. Nd2 Be7 18. c4 c5 19. Ne4 0-0-0 20. Nd6+ Bxd6 21. Rxd6 Bc6 22. Rfd1 Rxd6 23. Rxd6 Rd8 24. Rxd8+ Kxd8 25. f3 a6 26. Bf2 b6 27. Be3 Ke7 28. b4 f6 29. bxc5 b5 30. cxb5 axb5 31. Bd4 fxe5 32. Bxe5 b4 33. Bg3 Bd5 34. Be1 Bxa2 35. Bxb4 Kd7 36. g4 Bd5 37. Kf2 e5 38. Bc3 Ke6 39. h3 Bc6 40. Ke3 Bd5 41. Be1 Bc6 42. h4 Kd5 43. h5 Kxc5 44. Ba5 Kd6 45. Bb4+ Ke6 46. Bf8 Kf6 47. Bxh6 Ba4 48. Bf8 Bc6 49. Bd6 Bb7 50. Bc7 e4 51. fxe4 Kg7 52. Be5+ Kh6 53. Bd6 Bc8 54. Kf3 Be6 55. e5 Bd5+ 56. Kg3 Be6 57. Kf3 Bd5+ 58. Ke3 Be6 59. Kf3 Bd5+ 60. Kg3 Be6 61. Bf8+ Kh7 62. h6 Bd5 63. Kf2 Be6 64. Kf3 Bd5+ 65. Ke3 Be6 66. Kd4 Bxg4 67. Kd5 Bf3+ 68. Kd4 Bg4 69. Kd5 1/2-1/2

[Event "Wch U16"]
[Site "Florianopolis"]
[Date "2024.10.31"]
[Round "3"]
[White "Brezis, Ari"]
[Black "Sapenov, Daniyal"]
[Result "0-1"]
[WhiteElo "2102"]
[BlackElo "2311"]
[PlyCount "88"]
[EventDate "2024.10.29"]
[EventType "swiss"]
[EventRounds "11"]
[EventCountry "BRA"]
[SourceTitle "CB45_2024"]
[Source "ChessBase"]
[SourceDate "2024.11.06"]
[SourceVersion "1"]
[SourceVersionDate "2024.11.06"]
[SourceQuality "1"]

1. d4 Nf6 2. c4 e6 3. Nc3 Bb4 4. a3 Bxc3+ 5. bxc3 c5 6. e3 b6 7. Bd3 Bb7 8. f3 Nc6 9. Ne2 0-0 10. e4 Ne8 11. f4 Na5 12. Ng3 Ba6 13. 0-0 f6 14. f5 cxd4 15. cxd4 Bxc4 16. Bxc4 Nxc4 17. Qg4 Qe7 18. e5 Rc8 19. Ne4 d5 20. exd6 Nexd6 21. Nxd6 Nxd6 22. fxe6 f5 23. Qe2 Ne4 24. Qa2 Nc3 25. Qb3 Ne2+ 26. Kh1 Nxd4 27. Qb4 Qxb4 28. axb4 Nb3 29. Rb1 Nxc1 30. Rbxc1 Rxc1 31. Rxc1 Re8 32. Rc6 g6 33. h3 Re7 34. g4 fxg4 35. hxg4 h6 36. g5 hxg5 37. Kg2 Kg7 38. Kf3 Kf6 39. Rd6 Rxe6 40. Rd7 a6 41. Rd8 Ke5 42. Ra8 Kd5 43. b5 axb5 44. Rd8+ Kc4 0-1

[Event "Ramat Gan Dov Porat Rapid op"]
[Site "Ramat Gan"]
[Date "2024.10.14"]
[Round "1"]
[White "Gorshtein, Ido"]
[Black "Brezis, Ari"]
[Result "1-0"]
[WhiteElo "2527"]
[BlackElo "2102"]
[PlyCount "69"]
[EventDate "2024.10.14"]
[EventType "swiss (rapid)"]
[EventRounds "9"]
[EventCountry "ISR"]
[SourceTitle "CB43_2024"]
[Source "Chessbase"]
[SourceDate "2024.10.23"]
[SourceVersion "1"]
[SourceVersionDate "2024.10.23"]
[SourceQuality "1"]

1. d4 Nf6 2. Bg5 Ne4 3. Bf4 d5 4. e3 e6 5. Bd3 Bd6 6. Bxd6 Qxd6 7. Bxe4 dxe4 8. Nd2 f5 9. Ne2 0-0 10. 0-0 b6 11. c4 c5 12. Nb3 Rd8 13. dxc5 Qe7 14. Qe1 bxc5 15. Qa5 Nd7 16. Rad1 Bb7 17. Qc7 Ba6 18. Na5 Rac8 19. Qxa7 Ra8 20. Qc7 Rac8 21. Qd6 Qxd6 22. Rxd6 Nb8 23. Rfd1 Rxd6 24. Rxd6 Kf7 25. Nf4 Re8 26. h4 g6 27. a3 h6 28. Rb6 g5 29. hxg5 hxg5 30. Nxe6 Rxe6 31. Rxb8 f4 32. b4 Re8 33. Rxe8 Kxe8 34. b5 Bc8 35. b6 1-0

[Event "Wch U16 rapid"]
[Site "Batumi"]
[Date "2023.06.08"]
[Round "9"]
[White "Altynbekuly, Madiyar"]
[Black "Brezis, Ari"]
[Result "1-0"]
[WhiteElo "1775"]
[BlackElo "1516"]
[PlyCount "61"]
[EventDate "2023.06.06"]
[EventType "swiss (rapid)"]
[EventRounds "11"]
[EventCountry "GEO"]
[SourceTitle "EXT 2024"]
[Source "ChessBase"]
[SourceDate "2023.10.10"]
[SourceVersion "1"]
[SourceVersionDate "2023.10.10"]
[SourceQuality "1"]
[WhiteTeam "Kazakhstan"]
[BlackTeam "Israel"]
[WhiteTeamCountry "KAZ"]
[BlackTeamCountry "ISR"]

1. d4 Nf6 2. Nf3 d5 3. Bf4 c5 4. e3 e6 5. Nbd2 Bd6 6. Bxd6 Qxd6 7. dxc5 Qxc5 8. c4 0-0 9. Be2 Nc6 10. 0-0 Rd8 11. cxd5 Nxd5 12. Rc1 Qe7 13. Qb3 Bd7 14. Nc4 Be8 15. Rfd1 f6 16. e4 Nf4 17. Bf1 Bf7 18. e5 Nd5 19. Re1 Rac8 20. Nd6 Rb8 21. g3 Rxd6 22. exd6 Qxd6 23. Bg2 b5 24. Nd2 Nd4 25. Qd3 Nb4 26. Qa3 Qf8 27. Qxa7 Ndc2 28. Red1 e5 29. a3 Bd5 30. Bxd5+ Nxd5 31. Rxc2 1-0

[Event "Wch U16 rapid"]
[Site "Batumi"]
[Date "2023.06.08"]
[Round "10"]
[White "Brezis, Ari"]
[Black "Silagadze, Mate"]
[Result "1-0"]
[WhiteElo "1516"]
[BlackElo "1293"]
[PlyCount "75"]
[EventDate "2023.06.06"]
[EventType "swiss (rapid)"]
[EventRounds "11"]
[EventCountry "GEO"]
[SourceTitle "EXT 2024"]
[Source "ChessBase"]
[SourceDate "2023.10.10"]
[SourceVersion "1"]
[SourceVersionDate "2023.10.10"]
[SourceQuality "1"]
[WhiteTeam "Israel"]
[BlackTeam "Georgia"]
[WhiteTeamCountry "ISR"]
[BlackTeamCountry "GEO"]

1. d4 Nf6 2. c4 e5 3. dxe5 Ng4 4. Bf4 Nc6 5. Nf3 Bb4+ 6. Nbd2 Qe7 7. e3 Ngxe5 8. Nxe5 Nxe5 9. Be2 d6 10. 0-0 0-0 11. Nb3 b6 12. a3 Bc5 13. Nxc5 bxc5 14. b4 Bb7 15. bxc5 dxc5 16. Qc2 Bc6 17. Rfd1 Rab8 18. Qf5 Ng6 19. Bg3 Be4 20. Qh5 Rfd8 21. Bf3 Bc2 22. Rd5 Rxd5 23. Bxd5 Rb3 24. h3 c6 25. Bxc6 Qf6 26. Rc1 Qxc6 27. Rxc2 Rxa3 28. Qd5 Qc8 29. Rb2 Ne7 30. Qe4 Qd8 31. Rb8 Nc8 32. Qc6 Qd1+ 33. Kh2 g6 34. Qxc8+ Kg7 35. Qf8+ Kf6 36. Bh4+ Ke6 37. Qe7+ Kf5 38. g4+ 1-0

[Event "Wch U16 rapid"]
[Site "Batumi"]
[Date "2023.06.07"]
[Round "7"]
[White "Brezis, Ari"]
[Black "Kemashvili, Luka"]
[Result "0-1"]
[WhiteElo "1516"]
[BlackElo "1543"]
[PlyCount "96"]
[EventDate "2023.06.06"]
[EventType "swiss (rapid)"]
[EventRounds "11"]
[EventCountry "GEO"]
[SourceTitle "EXT 2024"]
[Source "ChessBase"]
[SourceDate "2023.10.10"]
[SourceVersion "1"]
[SourceVersionDate "2023.10.10"]
[SourceQuality "1"]
[WhiteTeam "Israel"]
[BlackTeam "Georgia"]
[WhiteTeamCountry "ISR"]
[BlackTeamCountry "GEO"]

1. d4 f5 2. e4 fxe4 3. Nc3 Nf6 4. Bg5 e6 5. f3 exf3 6. Nxf3 Be7 7. Bd3 b6 8. Qd2 Ba6 9. 0-0-0 Bxd3 10. Qxd3 0-0 11. h4 Nc6 12. Ne5 Nb4 13. Qg3 d6 14. a3 Nbd5 15. Nc6 Qd7 16. Nxe7+ Qxe7 17. Nxd5 exd5 18. Rhf1 Rf7 19. Rf5 Ne4 20. Qg4 Qe6 21. Rdf1 Ng3 22. Qxg3 Rxf5 23. Re1 Qf7 24. Kb1 Rf1 25. Ka2 Rxe1 26. Qxe1 h6 27. Bd2 Re8 28. Qg3 Kh8 29. Qg4 c5 30. Bc3 c4 31. Qg3 Qe6 32. Bb4 Rd8 33. h5 Qe2 34. Qh4 Re8 35. Kb1 Qd1+ 36. Ka2 Qxc2 37. a4 Qxa4+ 38. Ba3 Qb3+ 39. Kb1 Rf8 40. Qe1 Qd3+ 41. Ka2 Rf1 42. Qe8+ Kh7 43. Qg6+ Qxg6 44. hxg6+ Kxg6 45. Bxd6 Kf5 46. Be5 Ke4 47. Bxg7 h5 48. Be5 Rd1 0-1